000 00408nam a2200157Ia 4500
008 230312s9999||||xx |||||||||||||| ||und||
020 _a81-317-0616-8
082 _a070.43
_bLOR-N
100 _aLorenz Alfred Lawrence
245 0 _aNEWS
260 _bPearson Education
_aNew Delhi
_c1996
300 _a640
546 _aEng.
650 _aMass com
_vLearning Goals , Alaska Tragedy , Hard News
942 _cBK
999 _c2840
_d2840